000 00322nam a22001337a 4500
008 170923b xxu||||| |||| 00| 0 eng d
020 _a9780891950905
041 _aeng
080 _a37
100 _a46
101 _aEDU
245 _aLESSONS FROM 21 HIGH-PERFORMING HIGH-POVERTY SCHOOLS
_cCARTER, S.C
942 _2udc
_cBK
999 _c29307
_d29307